Estadísticas para Estados de EE.UU. más Visitados por los Canadienses

Haz click aquí para intentar la prueba.

Estadísticas generales

  • Esta prueba ha sido intentada 1.053 veces
  • La puntuación promedio es 7 de 10

Estadísticas de respuestas

VisitasEstado% Correcto
1,619,000California
96%
3,116,000Nueva York
96%
3,430,000Florida
92%
2,517,000Washington
88%
1,336,000Míchigan
66%
1,345,000Nevada
63%
753,000Maine
61%
864,000Hawái
58%
688,000Pensilvania
49%
782,000Arizona
48%

Distribución de puntuación

Porcentaje por número respondido

Porcentaje de gente con cada puntuación

Historial de tus puntuaciones

No has intentado esta prueba.